000 00293 a2200109 4500
001 ART_31358
005 20260410161706.0
008 260409a
245 1 0 _aEl secreto fiscal
100 1 _aMelzi, Flavia Irene
773 0 _tRevista Impuestos
_g- NÂș 14 (jul. 2007)
_wREV639
999 _c15675
_d15675